| 000 | 00714nam a2200229 a 4500 | ||
|---|---|---|---|
| 001 | 3712 | ||
| 003 | CDMR | ||
| 005 | 20130509171322.0 | ||
| 008 | 130130s2001||||||||||||||||||||||||||||d | ||
| 020 | _a8479357150 | ||
| 040 |
_aCDMR _bcat _cCPC LLEIDA |
||
| 100 | 1 |
_aDíez, Xavier _92642 |
|
| 245 | 1 | 0 |
_aUtopia sexual a la premsa anarquista de Catalunya _cXavier Díez ; próleg d'Àngel Duarte _b: la revista Ética-Iniciales (1927-1937) |
| 260 |
_aLleida _c2001 _bPagès |
||
| 300 | _a191 p. | ||
| 490 | 0 |
_aRetalls _v3 |
|
| 610 | 2 |
_93373 _aÉtica-Iniciales (revista) |
|
| 650 | 0 | 4 |
_92769 _aRevistes _zCatalunya _xHistòria |
| 650 | 0 | 4 |
_93372 _aAnarquisme _zCatalunya |
| 700 | 1 |
_93371 _aDuarte, Àngel |
|
| 942 |
_cMON _2udc |
||
| 999 |
_c3712 _d3712 |
||